000 00742nam a22002177a 4500
003 UA-OsUOA
001 82460
007 ta
008 20120306b un ||||| |||| 00| 0 ukr d
100 _aКлимчук Л.В.
090 _a93
_bК49
942 _cSA
040 _aUA-OsUOA
_bukr
_cUA-OsUOA
_dUA-OsUOA
245 _aВеб-сайти архівних установ Поділля як джерельна база краєзнавчих досліджень
300 _aС.10-14
955 _a0
041 _aukr
080 _a93
773 0 _w82458
_tБібліотекознавство. Документознавство. Інформологія
_d2011
_d4
650 7 _a9 Географія. Біографії. Історія
_2UDC
999 _c368769
_d368769